[Event "First GM Mix Bassano 2021"]
[Site "Bassano del Grappa"]
[Date "2021.03.18"]
[Round "4.1"]
[White "Bellahcene, Bilel"]
[Black "Sebenik, Matej"]
[Result "1-0"]
[WhiteElo "2517"]
[BlackElo "2481"]
[Annotator "TA"]
[PlyCount "84"]
[EventDate "2021.03.17"]
[EventType "swiss"]
[EventCountry "ITA"]
[SourceTitle "playchess.com"]
[Source "ChessBase"]
[SourceQuality "1"]

{[%evp 12,84,20,30,29,33,29,30,26,29,23,12,27,35,32,12,44,40,40,43,38,41,39,45,50,43,54,49,60,50,48,44,50,38,50,50,52,56,56,54,59,69,60,64,110,65,71,48,63,14,41,41,42,45,50,36,47,27,39,12,14,0,0,0,0,0,8,8,17,0,0,0,0,0,0]} 1. e4 e6 2. d4 d5 3. Nd2 c5 4. exd5 exd5 5. Ngf3 Nc6 6. Bb5 Qe7+ {now scores much better than the old 6...Bd6.} 7. Be2 Nf6 {C09: French Tarrasch: 3...c5 4 exd5 exd5 5 Ngf3 Nc6.} 8. O-O Qc7 9. dxc5 Bxc5 {White has an edge.} 10. Nb3 Be7 11. c3 O-O 12. Bg5 Rd8 13. Nbd4 a6 14. Re1 {[#]} h6 $146 ({Predecessor:} 14... Bg4 15. h3 Bh5 16. Nf5 Ne4 17. Nxe7+ Nxe7 18. Bxe7 Qxe7 19. Nd2 Qc5 20. Nxe4 dxe4 {0-1 (98) Willow,J (2386)-Tarlabasi,E (2301) Chess.com INT 2021}) 15. Bh4 Ne4 16. Bxe7 Nxe7 17. Bd3 Bf5 18. Qc2 Bh7 19. Re3 Nc6 20. Rae1 Qb6 21. Nxc6 bxc6 22. c4 Rab8 23. b3 a5 24. Ne5 {Black must now prevent cxd5.} Rbc8 25. f3 Re8 {[#]} 26. Nxf7 Kxf7 27. fxe4 Bxe4 28. c5 Qb4 29. Bxe4 dxe4 30. h3 {[%cal Re3e4]} Re5 (30... Rcd8 {keeps more tension.} 31. Rxe4 Rxe4 32. Qxe4 Qxc5+ 33. Kh2 Qd6+) 31. Rxe4 Qxc5+ 32. Qxc5 Rxc5 $14 {[%mdl 4096] Endgame KRR-KRR} 33. Re7+ Kg8 34. R1e4 Rf8 35. Rc7 (35. Ra7 {feels hotter.} Rff5 36. Rg4 Rf7 37. Ra6 Rc1+ 38. Kh2) 35... Rf6 {The position is equal.} 36. Rc4 Rxc4 37. bxc4 $11 {KR-KR} Kh7 38. c5 Rf4 39. Rxc6 Ra4 40. Ra6 Rxa2 41. c6 Rc2 42. Rxa5 Rxc6 {[%mdl 32768] Weighted Error Value: White=0.07/Black=0.06. Loss on time!?} 1-0

[Event "First GM Mix Bassano 2021"]
[Site "Bassano del Grappa"]
[Date "2021.03.18"]
[Round "4.2"]
[White "Kuhn, Clement"]
[Black "Martin Duque, Jesus"]
[Result "0-1"]
[WhiteElo "2278"]
[BlackElo "2454"]
[Annotator "RC"]
[PlyCount "90"]
[EventDate "2021.03.17"]
[EventType "swiss"]
[EventCountry "ITA"]
[SourceTitle "playchess.com"]
[Source "ChessBase"]
[SourceQuality "1"]
[TimeControl "5400+30"]

1. e4 {[%emt 0:00:00]} c5 {[%emt 0:01:28]} 2. Nf3 {[%emt 0:00:00]} e6 {[%emt 0:00:05]} 3. d4 {[%emt 0:00:00]} cxd4 {[%emt 0:00:06]} 4. Nxd4 {[%emt 0:00:00]} Nc6 {[%emt 0:00:02]} 5. Nc3 {[%emt 0:00:00]} Qc7 {[%emt 0:00:04]} 6. Be2 {[%emt 0:00:00]} a6 {[%emt 0:00:25]} 7. O-O {[%emt 0:00:06]} Nf6 {[%emt 0:00:06]} 8. Be3 {[%emt 0:00:08]} Bb4 {[%emt 0:00:53]} 9. Na4 {[%emt 0:00:05]} Be7 {[%emt 0:01:45]} 10. Nxc6 {[%emt 0:02:08]} bxc6 {[%emt 0:00:02]} 11. Qd4 {[%emt 0:03:21]} Rb8 {[%emt 0:10:13]} 12. Nc5 {[%emt 0:08:24]} e5 {[%emt 0:05:15]} 13. Qd3 {[%emt 0:04:58]} a5 {[%emt 0:02:44]} 14. Nb3 {[%emt 0:08:04]} d5 {[%emt 0:04:35]} 15. Bf3 {[%emt 0:10:11]} a4 {[%emt 0:03:02]} 16. Nd2 {[%emt 0:01:35]} Rxb2 {[%emt 0:09:01]} 17. Rfb1 {[%emt 0:06:53]} Rxb1+ {[%emt 0:02:02]} 18. Rxb1 {[%emt 0:00:11]} d4 {[%emt 0:05:11]} 19. Bg5 {[%emt 0:00:48]} O-O {[%emt 0:00:12]} 20. Bxf6 {[%emt 0:08:08]} Bxf6 {[%emt 0:02:05]} 21. Qa3 {[%emt 0:00:17]} Ba6 {[%emt 0:01:05]} 22. Qxa4 {[%emt 0:01:33]} Bb5 {[%emt 0:00:29]} 23. Qb3 {[%emt 0:01:18]} Ra8 {[%emt 0:00:06]} 24. Nc4 {[%emt 0:01:14]} Be7 {[%emt 0:04:39]} 25. Be2 {[%emt 0:02:12]} Ra4 {[%emt 0:02:07]} 26. a3 {[%emt 0:03:01]} Bf8 {[%emt 0:04:17]} 27. Bd3 {[%emt 0:02:23]} Qe7 {[%emt 0:02:08]} 28. f4 {[%emt 0:05:54]} exf4 {[%emt 0:05:34]} 29. e5 {[%emt 0:31:38]} Ra7 {[%emt 0:04:23]} 30. Rf1 {[%emt 0:00:00]} Qg5 {[%emt 0:10:42]} 31. h3 {[%emt 0:00:00]} g6 {[%emt 0:01:41]} 32. Kh1 {[%emt 0:00:00]} Kg7 {[%emt 0:04:29]} 33. a4 {[%emt 0:00:00]} Rxa4 {[%emt 0:02:35]} 34. Nd6 {[%emt 0:00:00]} Bxd6 {[%emt 0:00:21]} 35. Bxb5 {[%emt 0:00:00]} Qxe5 {[%emt 0:03:39]} 36. Qxa4 {[%emt 0:00:00]} f3 {[%emt 0:00:35]} 37. g3 {[%emt 0:00:00]} cxb5 {[%emt 0:00:13]} 38. Qa1 {[%emt 0:00:00]} Qxg3 {[%emt 0:00:09]} 39. Qxd4+ {[%emt 0:00:00]} Be5 {[%emt 0:00:03]} 40. Qf2 {[%emt 0:00:00]} Qxh3+ {[%emt 0:00:04]} 41. Kg1 {[%emt 0:00:00]} Qg4+ {[%emt 0:00:08]} 42. Kh1 {[%emt 0:00:00]} Bg3 {[%emt 0:01:42]} 43. Qd2 {[%emt 0:00:00]} f2 {[%emt 0:01:23]} 44. Qc3+ {[%emt 0:00:00]} f6 {[%emt 0:00:16]} 45. Rxf2 {[%emt 0:00:00]} Qh3+ {[%emt 0:00:39]} 0-1

[Event "First GM Mix Bassano 2021"]
[Site "Bassano del Grappa"]
[Date "2021.03.18"]
[Round "4.3"]
[White "Sonis, Francesco"]
[Black "Niemann, Hans Moke"]
[Result "0-1"]
[WhiteElo "2477"]
[BlackElo "2526"]
[Annotator "ChessBase"]
[PlyCount "78"]
[EventDate "2021.03.17"]
[EventType "swiss"]
[EventCountry "ITA"]
[SourceTitle "playchess.com"]
[Source "ChessBase"]
[SourceQuality "1"]
[TimeControl "5400+30"]

1. d4 {[%emt 0:01:55]} Nf6 {[%emt 0:00:00]} 2. c4 {[%emt 0:00:15]} e6 {[%emt 0:00:00]} 3. Nf3 {[%emt 0:02:47]} d5 {[%emt 0:00:27]} 4. Nc3 {[%emt 0:00:12]} c6 {[%emt 0:00:33]} 5. Bg5 {[%emt 0:00:45]} h6 {[%emt 0:00:09]} 6. Bxf6 {[%emt 0:02:18]} Qxf6 {[%emt 0:00:11]} 7. a3 {[%emt 0:01:17]} dxc4 {[%emt 0:01:16]} 8. Ne5 {[%emt 0:02:54]} b5 {[%emt 0:05:27]} 9. g3 {[%emt 0:00:32]} Bb7 {[%emt 0:03:01]} 10. Bg2 {[%emt 0:00:19]} a6 {[%emt 0:00:11]} 11. a4 {[%emt 0:05:56]} Bd6 {[%emt 0:03:59]} 12. axb5 {[%emt 0:05:51]} axb5 {[%emt 0:00:14]} 13. Rxa8 {[%emt 0:00:04]} Bxa8 {[%emt 0:00:13]} 14. Qa1 {[%emt 0:00:32]} Bb7 {[%emt 0:00:05]} 15. Qa7 {[%emt 0:00:26]} Qe7 {[%emt 0:00:11]} 16. O-O {[%emt 0:07:52]} O-O {[%emt 0:01:31]} 17. Ne4 {[%emt 0:05:00]} Bb4 {[%emt 0:08:58]} 18. Ra1 {[%emt 0:06:09]} Qc7 {[%emt 0:00:40]} 19. b3 {[%emt 0:10:38]} Nd7 {[%emt 0:05:04]} 20. Nxd7 {[%emt 0:19:13]} Qxd7 {[%emt 0:04:17]} 21. Nc5 {[%emt 0:00:28]} Bxc5 {[%emt 0:00:23]} 22. Qxc5 {[%emt 0:00:05]} cxb3 {[%emt 0:00:08]} 23. Rb1 {[%emt 0:00:03]} Ra8 {[%emt 0:00:14]} 24. Bf3 {[%emt 0:00:36]} Ra4 {[%emt 0:01:07]} 25. e3 {[%emt 0:00:17]} Rc4 {[%emt 0:00:43]} 26. Qa7 {[%emt 0:00:11]} e5 {[%emt 0:01:03]} 27. Qb8+ {[%emt 0:00:10]} Bc8 {[%emt 0:01:12]} 28. Be2 {[%emt 0:03:48]} exd4 {[%emt 0:02:01]} 29. exd4 {[%emt 0:01:10]} Qf5 {[%emt 0:04:39]} 30. Rxb3 {[%emt 0:00:22]} Rc1+ {[%emt 0:00:14]} 31. Kg2 {[%emt 0:00:03]} Qh3+ {[%emt 0:09:17]} 32. Kf3 {[%emt 0:00:04]} Rg1 {[%emt 0:01:05]} 33. Bd3 {[%emt 0:05:49]} Qg4+ {[%emt 0:05:00]} 34. Ke3 {[%emt 0:00:08]} Qe6+ {[%emt 0:00:04]} 35. Kf3 {[%emt 0:00:51]} Re1 {[%emt 0:00:23]} 36. Kg2 {[%emt 0:02:35]} Qh3+ {[%emt 0:00:07]} 37. Kf3 {[%emt 0:00:06]} Re8 {[%emt 0:00:08]} 38. Qf4 {[%emt 0:00:39]} Qh5+ {[%emt 0:00:05]} 39. Kg2 {[%emt 0:00:03]} Bh3+ {[%emt 0:00:10]} 0-1

[Event "First GM Mix Bassano 2021"]
[Site "Bassano del Grappa"]
[Date "2021.03.18"]
[Round "4.4"]
[White "Baenziger, Fabian"]
[Black "Shetty, Atulya"]
[Result "1/2-1/2"]
[WhiteElo "2409"]
[BlackElo "2447"]
[Annotator "TA"]
[PlyCount "41"]
[EventDate "2021.03.17"]
[EventType "swiss"]
[EventCountry "ITA"]
[SourceTitle "playchess.com"]
[Source "ChessBase"]
[SourceQuality "1"]

{[%evp 15,41,27,15,18,28,11,14,13,20,13,8,8,0,0,20,0,11,10,13,14,14,6,57,53,54,0,0,-4]} 1. d4 d5 2. c4 c6 3. Nf3 Nf6 4. Nc3 a6 5. e3 e6 6. b3 Bb4 7. Bd2 Nbd7 8. Bd3 O-O 9. O-O {D45: Semi-Slav: 5 e3.} Bd6 10. Qc2 e5 {[#] ...e4 is the strong threat. is the legacy move (10...b6).} 11. cxd5 cxd5 {Threatens to win with ...e4.} 12. e4 exd4 13. Nxd5 Nxd5 14. exd5 Nf6 15. Rfe1 {[#]} Bd7 $146 ({Predecessor:} 15... Bg4 16. Nxd4 Rc8 17. Qb2 Rc5 18. h3 Rxd5 19. Bc3 Bc5 20. hxg4 Bxd4 21. Bxd4 Rxd4 {0-1 (37) Peralta,F (2558)-Illescas Cordoba,M (2603) Barcelona 2008}) 16. Qc4 Qb6 17. Qxd4 ({Wrong is} 17. Nxd4 $2 Rfc8 $19) 17... Qxd4 18. Nxd4 Rac8 (18... Bc5 $11 19. Nf3 Nxd5) 19. Bf5 $14 Rfd8 20. Ba5 (20. Bg5 $14) 20... Bc7 $1 $11 {[%cal Rc7a5]} 21. Bxd7 {Weighted Error Value: White=0.08/Black=0.08} 1/2-1/2

[Event "First GM Mix Bassano 2021"]
[Site "Bassano del Grappa"]
[Date "2021.03.19"]
[Round "5.1"]
[White "Baliuniene, Margarita"]
[Black "Zlatanovic, Marcus"]
[Result "1/2-1/2"]
[WhiteElo "1886"]
[BlackElo "1687"]
[Annotator "NA"]
[PlyCount "118"]
[EventDate "2021.03.17"]
[EventType "swiss"]
[EventCountry "ITA"]
[SourceTitle "playchess.com"]
[Source "ChessBase"]
[SourceQuality "1"]
[TimeControl "5400+30"]

1. Nf3 {[%emt 1:30:30]} Nf6 {[%emt 1:30:30]} 2. g3 {[%emt 0:00:00]} g6 {[%emt 0:00:00]} 3. Bg2 {[%emt 0:00:00]} Bg7 {[%emt 0:00:00]} 4. d4 {[%emt 0:00:00]} c6 {[%emt 0:00:00]} 5. c4 {[%emt 0:00:00]} d5 {[%emt 0:00:00]} 6. Nbd2 {[%emt 0:00:00]} O-O {[%emt 0:00:00]} 7. O-O {[%emt 0:00:00]} Nbd7 {[%emt 0:00:00]} 8. cxd5 {[%emt 0:03:30]} cxd5 {[%emt 0:03:30]} 9. Nb3 {[%emt 0:00:30]} Nb6 {[%emt 0:00:30]} 10. Nc5 {[%emt 0:00:30]} Nfd7 {[%emt 0:00:30]} 11. Nd3 {[%emt 0:00:30]} Re8 {[%emt 0:00:30]} 12. a4 {[%emt 0:00:30]} e5 {[%emt 0:00:30]} 13. dxe5 {[%emt 0:00:30]} Nxe5 {[%emt 0:00:30]} 14. Nfxe5 {[%emt 0:00:30]} Bxe5 {[%emt 0:00:30]} 15. Nxe5 {[%emt 0:00:30]} Rxe5 {[%emt 0:00:30]} 16. Bf4 {[%emt 0:00:30]} Re8 {[%emt 0:00:30]} 17. b3 {[%emt 0:00:30]} g5 {[%emt 0:00:30]} 18. Be3 {[%emt 0:00:30]} Be6 {[%emt 0:00:30]} 19. Qd4 {[%emt 0:00:30]} Qe7 {[%emt 0:00:30]} 20. a5 {[%emt 0:00:30]} Nc8 {[%emt 0:00:30]} 21. Rad1 {[%emt 0:00:30]} Nd6 {[%emt 0:00:30]} 22. Qd2 {[%emt 0:00:30]} Ne4 {[%emt 0:00:30]} 23. Qb2 {[%emt 0:00:30]} h6 {[%emt 0:00:30]} 24. Bd4 {[%emt 0:00:30]} f5 {[%emt 0:00:30]} 25. f3 {[%emt 0:00:30]} Nd6 {[%emt 0:00:30]} 26. Bc5 {[%emt 0:00:30]} Qc7 {[%emt 0:00:30]} 27. Rc1 {[%emt 0:00:30]} Rac8 {[%emt 0:00:30]} 28. b4 {[%emt 0:00:30]} Nc4 {[%emt 0:00:30]} 29. Qf6 {[%emt 0:00:00]} Qg7 30. Qxg7+ {[%emt 0:01:00]} Kxg7 {[%emt 0:01:00]} 31. Bxa7 {[%emt 0:00:30]} Nd2 {[%emt 0:00:00]} 32. Rfd1 {[%emt 0:00:30]} Rc4 {[%emt 0:01:00]} 33. Rxc4 {[%emt 0:00:30]} Nxc4 {[%emt 0:00:30]} 34. f4 {[%emt 0:00:30]} Kg6 {[%emt 0:00:30]} 35. Bxd5 {[%emt 0:00:30]} Bxd5 {[%emt 0:00:30]} 36. Rxd5 {[%emt 0:00:30]} Rxe2 {[%emt 0:00:30]} 37. Rd7 {[%emt 0:00:30]} Kh5 {[%emt 0:00:30]} 38. fxg5 {[%emt 0:00:30]} hxg5 {[%emt 0:00:30]} 39. Bf2 {[%emt 0:00:30]} Rb2 {[%emt 0:00:30]} 40. Rxb7 {[%emt 0:00:30]} Nxa5 {[%emt 0:00:30]} 41. Rb5 {[%emt 0:00:30]} Nc6 {[%emt 0:00:30]} 42. Bc5 {[%emt 0:00:30]} Kg4 {[%emt 0:00:30]} 43. Bd6 {[%emt 0:00:30]} Nd4 {[%emt 0:00:30]} 44. Rd5 {[%emt 0:00:30]} Nf3+ {[%emt 0:00:30]} 45. Kf1 {[%emt 0:00:30]} Nxh2+ {[%emt 0:00:30]} 46. Ke1 {[%emt 0:00:30]} Nf3+ {[%emt 0:00:30]} 47. Kd1 {[%emt 0:00:30]} Nh2 {[%emt 0:00:30]} 48. b5 {[%emt 0:00:30]} Nf1 {[%emt 0:00:30]} 49. Kc1 {[%emt 0:00:30]} Rb3 {[%emt 0:00:30]} 50. Kc2 {[%emt 0:00:30]} Ne3+ {[%emt 0:00:30]} 51. Kxb3 {[%emt 0:00:30]} Nxd5 {[%emt 0:00:30]} 52. Kc4 {[%emt 0:00:30]} Nb6+ {[%emt 0:00:30]} 53. Kc5 {[%emt 0:00:30]} Na4+ {[%emt 0:00:30]} 54. Kb4 {[%emt 0:00:30]} Nb6 {[%emt 0:00:30]} 55. Bc5 {[%emt 0:00:30]} Na8 {[%emt 0:00:30]} 56. Bf2 {[%emt 0:00:30]} Nc7 {[%emt 0:00:30]} 57. Kc5 {[%emt 0:00:30]} Nxb5 {[%emt 0:00:30]} 58. Kxb5 {[%emt 0:00:30]} Kf3 {[%emt 0:00:30]} 59. Be1 {[%emt 0:00:30]} f4 {[%emt 0:00:30]} 1/2-1/2

[Event "First GM Mix Bassano 2021"]
[Site "Bassano del Grappa"]
[Date "2021.03.19"]
[Round "5.3"]
[White "Grimaldi, Angela Flavia"]
[Black "Bernadskiy, Vitaliy"]
[Result "0-1"]
[WhiteElo "2067"]
[BlackElo "2599"]
[Annotator "TA"]
[PlyCount "60"]
[EventDate "2021.03.17"]
[EventType "swiss"]
[EventCountry "ITA"]
[SourceTitle "playchess.com"]
[Source "ChessBase"]
[SourceQuality "1"]

{[%evp 10,60,25,21,45,28,81,1,49,25,14,15,31,25,12,0,15,15,3,-62,-68,-112,-112,-102,-109,-112,-102,-121,-108,-108,-107,-126,-102,-120,0,-115,-104,-124,-88,-134,-154,-173,-140,-166,-150,-211,-208,-305,-312,-293,-269,-264,-182]} 1. e4 c5 2. Nf3 Nc6 3. Bb5 d6 4. O-O Bd7 5. Re1 a6 6. Bf1 e5 {B51: Sicilian: Moscow Variation (3 Bb5+) without 3...Bd7.} 7. c3 g5 $5 {[%mdl 4] [#] An interesting side line.} (7... Be7 $11) 8. d3 $146 (8. d4 $16) ({Predecessor:} 8. g3 g4 9. Nh4 h5 10. Bg2 Bh6 11. d3 Bxc1 12. Qxc1 Qf6 13. Nd2 Nge7 14. Nc4 {1-0 (27) De Silva,L (2085)-Mons,L (2530) Chess.com INT 2020}) 8... h6 {The position is equal.} (8... g4 $5 {[%cal Rg4f3]} 9. Nfd2 h5 $11) 9. Na3 {[%cal Bb1a3,Ba3c4,Bc4e3][%mdl 32]} Bg7 10. Nc4 Be6 11. Ne3 Nge7 12. g3 Qd7 13. Bg2 O-O 14. c4 (14. h4 $11) 14... f5 $15 15. Nxf5 Nxf5 16. exf5 Bxf5 17. Be3 Bg4 {[#] Threatens to win with ...Qf5.} 18. h3 Bxh3 19. Nd2 Bg4 20. Qb3 Be6 21. Ne4 b5 ({Better is} 21... Kh8 $17 22. a3 Rf7) 22. Qc2 (22. Bxc5 $1 $11 dxc5 23. Nxc5) 22... Rac8 23. b3 Ne7 {[%cal Bc6e7,Be7g6,Bg6f4][%mdl 32]} 24. a4 {[#]} b4 $1 25. Rf1 Ng6 26. Rac1 Nf4 27. gxf4 (27. Bf3 $17) 27... exf4 $19 28. Bd2 (28. Qd1 $142 fxe3 29. fxe3) 28... f3 {Black has a decisive advantage.} 29. Bh1 Bh3 {Strongly threatening ...Qg4+.} 30. Rfe1 Be5 {Weighted Error Value: White=0.28/Black=0.17} 0-1

[Event "First GM Mix Bassano 2021"]
[Site "Bassano del Grappa"]
[Date "2021.03.19"]
[Round "5.4"]
[White "Frick, Cristopher"]
[Black "Marasa, Giuseppe"]
[Result "1/2-1/2"]
[WhiteElo "2051"]
[BlackElo "1952"]
[Annotator "NA"]
[PlyCount "44"]
[EventDate "2021.03.17"]
[EventType "swiss"]
[EventCountry "ITA"]
[SourceTitle "playchess.com"]
[Source "ChessBase"]
[SourceQuality "1"]
[TimeControl "5400+30"]

1. d4 {[%emt 0:00:00]} d5 {[%emt 0:04:31]} 2. Bf4 {[%emt 0:00:00]} c5 {[%emt 0:00:16]} 3. e3 {[%emt 0:00:00]} Nc6 {[%emt 0:00:04]} 4. Nf3 {[%emt 0:04:36]} Nf6 {[%emt 0:02:03]} 5. Nbd2 {[%emt 0:03:59]} cxd4 {[%emt 0:11:06]} 6. exd4 {[%emt 0:00:29]} Qb6 {[%emt 0:01:26]} 7. Nb3 {[%emt 0:01:13]} Bg4 {[%emt 0:04:33]} 8. Be2 {[%emt 0:00:59]} e6 {[%emt 0:00:55]} 9. O-O {[%emt 0:02:35]} Be7 {[%emt 0:01:20]} 10. Re1 {[%emt 0:10:26]} O-O {[%emt 0:02:55]} 11. h3 {[%emt 0:08:04]} Bh5 {[%emt 0:03:20]} 12. Ne5 {[%emt 0:06:44]} Bxe2 {[%emt 0:01:49]} 13. Rxe2 {[%emt 0:00:06]} Rad8 {[%emt 0:10:25]} 14. c3 {[%emt 0:02:08]} Rfe8 {[%emt 0:01:53]} 15. Qd3 {[%emt 0:02:22]} Ne4 {[%emt 0:06:23]} 16. Rd1 {[%emt 0:05:51]} Bd6 {[%emt 0:06:55]} 17. Nxc6 {[%emt 0:03:12]} Qxc6 {[%emt 0:01:37]} 18. Bxd6 {[%emt 0:00:43]} Qxd6 {[%emt 0:01:58]} 19. Nd2 {[%emt 0:04:11]} Nxd2 {[%emt 0:03:14]} 20. Rdxd2 {[%emt 0:00:28]} Rb8 {[%emt 0:02:38]} 21. Re5 {[%emt 0:08:14]} b5 {[%emt 0:02:38]} 22. Rde2 {[%emt 0:00:15]} b4 {[%emt 0:03:14]} 1/2-1/2

[Event "First GM Mix Bassano 2021"]
[Site "Bassano del Grappa"]
[Date "2021.03.19"]
[Round "5.5"]
[White "Checa, Nicolas"]
[Black "Basso, Pier Luigi"]
[Result "1/2-1/2"]
[WhiteElo "2546"]
[BlackElo "2521"]
[Annotator "RC"]
[PlyCount "44"]
[EventDate "2021.03.17"]
[EventType "swiss"]
[EventCountry "ITA"]
[SourceTitle "playchess.com"]
[Source "ChessBase"]
[SourceQuality "1"]
[TimeControl "5400+30"]

1. d4 {[%emt 0:06:16]} d5 {[%emt 0:00:29]} 2. c4 {[%emt 0:00:17]} e6 {[%emt 0:00:08]} 3. Nc3 {[%emt 0:00:09]} Be7 {[%emt 0:00:06]} 4. Nf3 {[%emt 0:00:16]} Nf6 {[%emt 0:00:04]} 5. Bg5 {[%emt 0:00:12]} Nbd7 {[%emt 0:00:07]} 6. e3 {[%emt 0:00:10]} h6 {[%emt 0:00:03]} 7. Bh4 {[%emt 0:00:11]} O-O {[%emt 0:00:08]} 8. Qc2 {[%emt 0:00:18]} c5 {[%emt 0:00:09]} 9. cxd5 {[%emt 0:00:18]} Nxd5 {[%emt 0:00:06]} 10. Bxe7 {[%emt 0:00:11]} Qxe7 {[%emt 0:00:06]} 11. Nxd5 {[%emt 0:00:15]} exd5 {[%emt 0:00:05]} 12. dxc5 {[%emt 0:01:05]} Nxc5 {[%emt 0:00:21]} 13. Be2 {[%emt 0:00:46]} Bg4 {[%emt 0:00:07]} 14. O-O {[%emt 0:00:50]} Rac8 {[%emt 0:00:30]} 15. Nd4 {[%emt 0:00:30]} Ne6 {[%emt 0:00:30]} 16. Qd2 {[%emt 0:00:30]} Qg5 {[%emt 0:00:30]} 17. Bxg4 {[%emt 0:00:30]} Qxg4 {[%emt 0:00:30]} 18. Ne2 {[%emt 0:00:30]} Rfd8 {[%emt 0:00:30]} 19. Rac1 {[%emt 0:00:30]} Rxc1 {[%emt 0:00:30]} 20. Rxc1 {[%emt 0:00:30]} d4 {[%emt 0:00:30]} 21. exd4 {[%emt 0:00:30]} Nxd4 {[%emt 0:00:30]} 22. Nxd4 {[%emt 0:00:30]} Qxd4 {[%emt 0:00:30]} 1/2-1/2

[Event "First GM Mix Bassano 2021"]
[Site "Bassano del Grappa"]
[Date "2021.03.19"]
[Round "6.2"]
[White "Bernadskiy, Vitaliy"]
[Black "Checa, Nicolas"]
[Result "1/2-1/2"]
[WhiteElo "2599"]
[BlackElo "2546"]
[Annotator "TA"]
[PlyCount "32"]
[EventDate "2021.03.17"]
[EventType "swiss"]
[EventCountry "ITA"]
[SourceTitle "playchess.com"]
[Source "ChessBase"]
[SourceQuality "1"]

{[%evp 15,19,-9,15,-33,-17,-59]} 1. e4 e5 2. Nf3 Nc6 3. d4 exd4 4. Nxd4 Nf6 5. Nxc6 bxc6 6. e5 Qe7 7. Qe2 Nd5 8. c4 {8.h4 is the modern continuation.} Nb6 9. h4 {C45: Scotch Game.} Qe6 10. b3 {[#] Not enough moves} {Predecessor:} a5 $146 11. g3 a4 12. Bh3 Bb4+ 13. Kf1 Qe7 14. Bb2 axb3 15. axb3 Rxa1 16. Bxa1 O-O {0-1 (58) Sukandar,I (2413)-Shashikant,K (2182) chess.com INT 2020} 1/2-1/2

[Event "First GM Mix Bassano 2021"]
[Site "Bassano del Grappa"]
[Date "2021.03.19"]
[Round "6.3"]
[White "Baliuniene, Margarita"]
[Black "Grimaldi, Angela Flavia"]
[Result "1-0"]
[WhiteElo "1886"]
[BlackElo "2067"]
[Annotator "NA"]
[PlyCount "79"]
[EventDate "2021.03.17"]
[EventType "swiss"]
[EventCountry "ITA"]
[SourceTitle "playchess.com"]
[Source "ChessBase"]
[SourceQuality "1"]
[TimeControl "5400+30"]

1. Nf3 {[%emt 0:00:00]} d5 {[%emt 0:00:21]} 2. g3 {[%emt 0:00:00]} d4 {[%emt 0:00:05]} 3. Bg2 {[%emt 0:01:30]} c5 {[%emt 0:00:04]} 4. e4 {[%emt 0:01:54]} Nc6 {[%emt 0:00:27]} 5. d3 {[%emt 0:00:17]} e5 {[%emt 0:00:15]} 6. Nbd2 {[%emt 0:01:13]} g6 {[%emt 0:01:16]} 7. Nc4 {[%emt 0:00:30]} Bg7 {[%emt 0:00:07]} 8. a4 {[%emt 0:00:26]} Nge7 {[%emt 0:01:00]} 9. c3 {[%emt 0:01:05]} O-O {[%emt 0:01:47]} 10. cxd4 {[%emt 0:00:12]} cxd4 {[%emt 0:02:07]} 11. O-O {[%emt 0:00:19]} h6 {[%emt 0:02:04]} 12. b3 {[%emt 0:01:16]} Be6 {[%emt 0:00:26]} 13. Ba3 {[%emt 0:00:19]} Rb8 {[%emt 0:02:09]} 14. Nfd2 {[%emt 0:05:11]} b5 {[%emt 0:23:35]} 15. axb5 {[%emt 0:01:20]} Rxb5 {[%emt 0:00:09]} 16. Nd6 {[%emt 0:18:47]} Rb8 {[%emt 0:00:50]} 17. N2c4 {[%emt 0:02:55]} a5 {[%emt 0:10:07]} 18. f4 {[%emt 0:04:20]} Nb4 {[%emt 0:04:48]} 19. f5 {[%emt 0:03:53]} Bxc4 {[%emt 0:01:29]} 20. Nxc4 {[%emt 0:00:12]} Nec6 {[%emt 0:04:32]} 21. Bh3 {[%emt 0:07:24]} g5 {[%emt 0:15:32]} 22. Bg4 {[%emt 0:05:08]} Bf6 {[%emt 0:02:37]} 23. Bh5 {[%emt 0:00:39]} Kh7 {[%emt 0:05:58]} 24. Qd2 {[%emt 0:04:52]} Ra8 {[%emt 0:07:09]} 25. Bc1 {[%emt 0:00:30]} Qe7 {[%emt 0:00:54]} 26. Kh1 {[%emt 0:02:18]} Ra7 {[%emt 0:01:15]} 27. Ba3 {[%emt 0:02:54]} Rb8 {[%emt 0:01:22]} 28. Rfc1 {[%emt 0:01:07]} Kg7 {[%emt 0:00:39]} 29. Qe2 {[%emt 0:00:42]} Qd7 {[%emt 0:00:53]} 30. Nd2 {[%emt 0:02:06]} Rba8 {[%emt 0:01:21]} 31. Rc4 {[%emt 0:01:05]} Rb8 {[%emt 0:01:07]} 32. Rac1 {[%emt 0:02:07]} Rb6 {[%emt 0:04:06]} 33. Rc5 {[%emt 0:14:57]} a4 {[%emt 0:02:57]} 34. Nc4 {[%emt 0:00:39]} Rbb7 {[%emt 0:00:49]} 35. bxa4 {[%emt 0:00:52]} Rxa4 {[%emt 0:00:09]} 36. Qd1 {[%emt 0:00:24]} Raa7 {[%emt 0:00:51]} 37. Rb1 {[%emt 0:00:49]} Na2 {[%emt 0:02:16]} 38. Rxb7 {[%emt 0:01:17]} Qxb7 {[%emt 0:00:38]} 39. Nd6 {[%emt 0:03:18]} Qc7 {[%emt 0:00:44]} 40. Ne8+ {[%emt 0:00:09]} 1-0